| 000 | 00497nam a2200169 i 4500 | ||
|---|---|---|---|
| 001 | 133622 | ||
| 003 | ES-MaACL | ||
| 005 | 20230906194455.0 | ||
| 007 | t| | ||
| 008 | 070822s1952 sp ||||1| spa d | ||
| 100 | 1 |
_aWood, Leslie. _9117311 |
|
| 245 | 1 | 0 |
_aUniforme de color / _cLeslie Wood ; traducción del inglés por Gabriel Ferrater. |
| 260 |
_aBarcelona : _bPlaneta, _c[1952] |
||
| 300 |
_a276 p. ; _c20 cm. |
||
| 700 | 1 |
_aFerrater, Gabriel. _950337 |
|
| 852 |
_aES-MaACL _jD-7858 _bR.32335 |
||
| 999 |
_c133622 _d133622 |
||